<?xml version="1.0" encoding="UTF-8"?>
<record
    xmlns:xsi="http://www.w3.org/2001/XMLSchema-instance"
    xsi:schemaLocation="http://www.loc.gov/MARC21/slim http://www.loc.gov/standards/marcxml/schema/MARC21slim.xsd"
    xmlns="http://www.loc.gov/MARC21/slim">

  <leader>00858nam a2200205Ia 4500</leader>
  <controlfield tag="003">IN-BaIIA</controlfield>
  <controlfield tag="008">211028s9999    xx            000 0 eng d</controlfield>
  <datafield tag="040" ind1=" " ind2=" ">
    <subfield code="c">IIA Library</subfield>
  </datafield>
  <datafield tag="080" ind1=" " ind2=" ">
    <subfield code="a">523.9</subfield>
    <subfield code="b">STIP</subfield>
  </datafield>
  <datafield tag="111" ind1=" " ind2=" ">
    <subfield code="a">Maynooth Symposium on Solar/ interplanetary intervals</subfield>
    <subfield code="c">Maynooth</subfield>
    <subfield code="d">1982 Aug. 4-6</subfield>
    <subfield code="9">13828</subfield>
  </datafield>
  <datafield tag="245" ind1=" " ind2="0">
    <subfield code="a">STIP Symposium on Solar/ interPlanetary intervals</subfield>
    <subfield code="b">proceedings of the Maynooth Symposium on Solar/ interPlanetary intervals, held in Maynooth, Ireland, 4-6 August 1982</subfield>
    <subfield code="c">edited by M.A. Shea and D.F. Smart and S.M.P. McKenna-Lawlor.</subfield>
  </datafield>
  <datafield tag="260" ind1=" " ind2=" ">
    <subfield code="a">Ireland</subfield>
    <subfield code="b">Royal Irish Academy</subfield>
    <subfield code="c">1984</subfield>
  </datafield>
  <datafield tag="300" ind1=" " ind2=" ">
    <subfield code="a">[various pagings.]</subfield>
  </datafield>
  <datafield tag="650" ind1=" " ind2=" ">
    <subfield code="a">Astronomy and Astrophysics thesaurus</subfield>
  </datafield>
  <datafield tag="650" ind1=" " ind2=" ">
    <subfield code="a">InterPlanetary Physics</subfield>
    <subfield code="9">13829</subfield>
  </datafield>
  <datafield tag="650" ind1=" " ind2=" ">
    <subfield code="a">Solar Physics</subfield>
  </datafield>
  <datafield tag="700" ind1=" " ind2=" ">
    <subfield code="a">Mckenna-Lawlor, S. M. P., ed.</subfield>
    <subfield code="9">13830</subfield>
  </datafield>
  <datafield tag="700" ind1=" " ind2=" ">
    <subfield code="a">Shea, M. A., ed.</subfield>
    <subfield code="9">9897</subfield>
  </datafield>
  <datafield tag="942" ind1=" " ind2=" ">
    <subfield code="c">BK</subfield>
  </datafield>
  <datafield tag="999" ind1=" " ind2=" ">
    <subfield code="c">8244</subfield>
    <subfield code="d">8244</subfield>
  </datafield>
  <datafield tag="952" ind1=" " ind2=" ">
    <subfield code="0">0</subfield>
    <subfield code="1">0</subfield>
    <subfield code="4">0</subfield>
    <subfield code="7">0</subfield>
    <subfield code="a">BAN</subfield>
    <subfield code="b">BAN</subfield>
    <subfield code="c">GEN</subfield>
    <subfield code="d">1985-04-30</subfield>
    <subfield code="l">0</subfield>
    <subfield code="o">523.9/ STIP</subfield>
    <subfield code="p">9088</subfield>
    <subfield code="r">2021-11-05</subfield>
    <subfield code="w">1985-04-30</subfield>
    <subfield code="y">BK</subfield>
  </datafield>
</record>
